| 000 | 00750nam a2200205Ia 4500 | ||
|---|---|---|---|
| 005 | 20251020182534.0 | ||
| 008 | 200515s9999 xx 000 0 und d | ||
| 082 | _a72.012:728(85)/I59 | ||
| 100 | _aTEJADA SCHMIDT, Urbano | ||
| 245 | 0 | _aTecnologías desarrolladas por el Ininvi | |
| 260 | _aLima | ||
| 260 | _c1990 | ||
| 500 | _a1 ejemplar | ||
| 520 | _aPresenta la labor del Ininvi desarrollada en el campo de la investigación científica y tecnológica, en el de la normalización técnica, en la aplicación de los resultados mediante la ejecución de proyectos experimentales y demostrativos y las acciones de d | ||
| 650 | _aLIB | ||
| 650 | _aNORMALIZACION | ||
| 650 | _aPUB ININVI | ||
| 650 | _aSISTEMAS CONSTRUCTIVOS | ||
| 942 | _cLIB | ||
| 999 |
_c2163 _d2163 |
||